000 00479nam a22001577a 4500
008 090607t xxu||||| |||| 00| 0 eng d
020 _a9788122424560
082 _222
_a621.8672
_bSAH
245 _aHandbook of Piping Design/
_cG. K. Sahu
250 _a2nd ed.
260 _aNew Delhi:
_bNew Age International,
_c2009
300 _a472p.:
_bill.;
_c22 cm.
650 _92098
_aPiping
_x-- Design and construction
650 _92099
_aPiping
_v-- Handbooks, manuals
942 _2ddc
_cBB
999 _c11746
_d11746